[Event "Rio de Janeiro Sartori Memorial 2nd"]
[Site "Rio de Janeiro"]
[Date "2018.07.24"]
[Round "6"]
[White "Rolim, Carlos Alves"]
[Black "Von Calmbach, Guilherme Ulrico"]
[Result "1-0"]
[WhiteElo "1901"]
[BlackElo "1672"]
[PlyCount "58"]
[EventDate "2018.06.19"]
[EventType "swiss"]
[EventRounds "6"]
[EventCountry "BRA"]
[SourceTitle "EXT 2019"]
[Source "ChessBase"]
[SourceDate "2018.10.10"]
[SourceVersion "1"]
[SourceVersionDate "2018.10.10"]
[SourceQuality "1"]

1. e4 e5 2. d4 exd4 3. Nf3 c5 4. Bc4 Nc6 5. c3 d6 6. cxd4 cxd4 7. Nxd4 Ne5 8. Be2 Nf6 9. Nc3 Be7 10. 0-0 0-0 11. f4 Nc6 12. Nf3 Qb6+ 13. Kh1 Ng4 14. Qe1 Ne3 15. Na4 Nc2 16. Nxb6 Nxe1 17. Nxa8 Nxf3 18. Bxf3 Bd7 19. e5 dxe5 20. fxe5 Nxe5 21. Bf4 Nxf3 22. Rxf3 Bg4 23. Rg3 Bf5 24. Nc7 Bh4 25. Rb3 b6 26. Bg3 Bf6 27. Rf1 Bc2 28. Rbf3 Bxb2 29. R3f2 Bd3 1-0